| 000 | 01140cam a2200361 a 4500 | ||
|---|---|---|---|
| 001 | 625642 | ||
| 003 | yeezen | ||
| 005 | 20250701152859.0 | ||
| 008 | 240807s2024 ch ad g b 001 0 chi d | ||
| 020 |
_a9789863684756 _q(平裝) : _c新臺幣380元 |
||
| 040 |
_aCIP _bchi _cFGUL _dFGUL _eccr |
||
| 041 | 1 |
_achi _hjpn |
|
| 042 | _anbic | ||
| 084 |
_a417.8 _2ncsclt |
||
| 090 | _a417.8 | ||
| 100 | 1 | _a川越厚 | |
| 240 | 1 | 0 |
_aがん患者の在宅ホスピスケア _l中文 |
| 245 | 1 | 0 |
_a居家安寧療護必修課 : _b癌症患者的最終旅程 / _c川越厚原著 ; 張意惠, 黃千睿譯 |
| 246 | 3 | 0 | _a癌症患者的最終旅程 |
| 250 | _a初版 | ||
| 260 |
_a新北市汐止區 : _b合記, _c2024.02 |
||
| 300 |
_a9, 222面 : _b圖, 表格 ; _c23公分 |
||
| 500 | _a含索引 | ||
| 500 | _a附錄: 本書中相關關鍵術語的定義等4種 | ||
| 504 | _a參考書目: 面210-213. | ||
| 650 | 7 |
_a癌症 _2lcstt. |
|
| 650 | 7 |
_a安寧照護 _2lcstt. |
|
| 650 | 7 |
_a生命終期照護 _2lcstt. |
|
| 700 | 1 | _a張意惠 | |
| 700 | 1 | _a黃千睿 | |
| 765 | 0 | _tがん患者の在宅ホスピスケア | |
| 942 |
_2ccl _cLNTERM |
||
| 999 |
_c7649 _d7649 |
||